000 00595nam a2200193 a 4500
005 20210219151050.0
008 991125s1992 mx 000 0 spa u
020 _a968837003X
035 _aUPN01000026792
049 _aC
050 4 _aF1216 G87
245 0 0 _aGuía de forasteros :
_bcentro histórico : Taxco
_bTaxco
260 _aMéxico :
_bGuías Turísticas Banamex,
_c1992
300 _a99 p. :
_bil. +
_e[1] mapa
500 _aTexto en : inglés y francés
651 4 _aTAXCO DE ALARCON, GUERRERO$xDESCRIPCION Y VIAJES $xGUIAS PARA VIAJEROS
904 _aAC
_b026793
905 _aLibro
999 _c26792
_d26792